[Event "Druga Liga CS - Istok"]
[Site "?"]
[Date "2006.10.27"]
[Round "8.1"]
[White "Dezelin, Milan"]
[Black "Lukic, Igor"]
[Result "1/2-1/2"]
[WhiteElo "2333"]
[BlackElo "2087"]
[PlyCount "25"]
[EventDate "2006.09.09"]

1. d4 Nf6 2. Bg5 e6 3. e4 h6 4. Bxf6 Qxf6 5. Nc3 Bb4 6. a3 Bxc3+ 7. bxc3 d6 8.
Nf3 O-O 9. Bd3 e5 10. h3 Nc6 11. d5 Ne7 12. a4 a5 13. O-O 1/2-1/2

[Event "Druga Liga CS - Istok"]
[Site "?"]
[Date "2006.10.27"]
[Round "8.1"]
[White "Petrovic, Dragan"]
[Black "Djokic, Nebojsa"]
[Result "1/2-1/2"]
[WhiteElo "2102"]
[BlackElo "2256"]
[PlyCount "105"]
[EventDate "2006.09.09"]

1. d4 Nf6 2. Nf3 g6 3. g3 Bg7 4. Bg2 O-O 5. O-O c6 6. c4 d6 7. Nc3 Qb6 8. e4
Bg4 9. Rb1 c5 10. d5 e6 11. h3 Bxf3 12. Qxf3 exd5 13. exd5 Nbd7 14. b3 Rae8 15.
Bb2 Re7 16. Rfe1 Rfe8 17. Rxe7 Rxe7 18. g4 a6 19. Qg3 Ne8 20. Ne4 Bxb2 21. Rxb2
Ndf6 22. Nc3 Re1+ 23. Kh2 Qd8 24. Re2 Rxe2 25. Nxe2 Qe7 26. Qd3 Nd7 27. f4 Qh4
28. Qg3 Qe7 29. Nc3 Nef6 30. Qf2 h6 31. Qe2 Qd8 32. Qe3 Kg7 33. Bf3 b6 34. Kg3
Nh7 35. Ne4 Ndf6 36. Nf2 Nd7 37. Qc3+ Kg8 38. h4 g5 39. Qe3 Kg7 40. Ne4 gxf4+
41. Qxf4 Ne5 42. Bd1 Nf8 43. h5 Nh7 44. Bc2 Nf6 45. Qxf6+ Qxf6 46. Nxf6 Kxf6
47. Kf4 Nd7 48. Bf5 Ne5 49. a4 a5 50. Be4 Nd7 51. Bc2 Ne5 52. Bf5 Kg7 53. Be4
1/2-1/2

[Event "Druga Liga CS - Istok"]
[Site "?"]
[Date "2006.10.27"]
[Round "8.1"]
[White "Zivanovic, Nenad"]
[Black "Djukic, Nebojsa"]
[Result "0-1"]
[WhiteElo "2200"]
[BlackElo "2182"]
[PlyCount "88"]
[EventDate "2006.09.09"]

1. e4 e6 2. Qe2 c5 3. g3 Nc6 4. Nf3 b6 5. Bg2 Bb7 6. O-O Qc7 7. c3 h5 8. Rd1
Be7 9. h4 Nf6 10. d3 d6 11. Bg5 g6 12. Nbd2 Ng4 13. Bxe7 Qxe7 14. d4 cxd4 15.
cxd4 Rc8 16. Rac1 O-O 17. Nf1 Qf6 18. Rc3 Kg7 19. Qb5 e5 20. dxe5 Ncxe5 21. Qe2
Rxc3 22. bxc3 Rc8 23. Rc1 Nxf3+ 24. Qxf3 Qxf3 25. Bxf3 Ne5 26. Bg2 Nd3 27. Rd1
Rxc3 28. Ne3 Rc1 29. Rxc1 Nxc1 30. a3 Ne2+ 31. Kf1 Nc3 32. f3 Nb1 33. Nc2 Ba6+
34. Kf2 Bd3 35. Nb4 Bb5 36. Ke3 Nxa3 37. Kd4 Kf8 38. f4 Ke7 39. e5 dxe5+ 40.
fxe5 Bd7 41. Nd5+ Ke8 42. Nf4 Nb5+ 43. Kd5 Ke7 44. Kc4 Nc7 0-1

[Event "Druga Liga CS - Istok"]
[Site "?"]
[Date "2006.10.27"]
[Round "8.1"]
[White "Zivkovic, Nemania"]
[Black "Madjar, Stanislav"]
[Result "0-1"]
[WhiteElo "2127"]
[BlackElo "2182"]
[PlyCount "42"]
[EventDate "2006.09.09"]

1. e4 Nf6 2. e5 Nd5 3. d4 d6 4. c4 Nb6 5. exd6 exd6 6. Be3 Be7 7. Bd3 O-O 8.
Nf3 Bg4 9. h3 Bh5 10. Nbd2 Nc6 11. Qb1 Bg6 12. Bxg6 fxg6 13. d5 Nb4 14. Nd4 Rf7
15. Ne6 Qd7 16. a3 Na6 17. b4 Bf6 18. Ra2 c6 19. Qd3 Re7 20. Bxb6 axb6 21. Rc2
Nxb4 0-1

[Event "Druga Liga CS - Istok"]
[Site "?"]
[Date "2006.10.27"]
[Round "8.2"]
[White "Radosavljevic, Slobodan"]
[Black "Keca, Dragomir"]
[Result "1/2-1/2"]
[WhiteElo "2254"]
[BlackElo "2221"]
[PlyCount "95"]
[EventDate "2006.09.09"]

1. c4 e6 2. Nf3 d5 3. g3 Nf6 4. Bg2 d4 5. O-O Be7 6. d3 O-O 7. Na3 Nc6 8. Nc2
a5 9. a3 Re8 10. Rb1 a4 11. b4 axb3 12. Rxb3 Na5 13. Rb1 c5 14. e3 dxe3 15.
fxe3 Bd7 16. Ne5 Ba4 17. Qe2 Qc7 18. Bb2 Bd6 19. Nf3 Ng4 20. Ng5 f5 21. Ne1 Bc6
22. e4 Be5 23. Nef3 Bxb2 24. Rxb2 h6 25. Nh3 fxe4 26. dxe4 Ne5 27. Rc1 Rad8 28.
Nf2 Nxf3+ 29. Qxf3 Qe5 30. Qc3 Nxc4 31. Qxe5 Nxe5 32. Rxc5 Nd3 33. Nxd3 Rxd3
34. e5 Rxa3 35. Bxc6 bxc6 36. Rxc6 Re3 37. Rc5 Rf8 38. Rf2 Rd8 39. Kg2 Rd5 40.
Rxd5 exd5 41. Rf5 g6 42. Rf6 Kg7 43. Re6 g5 44. h4 gxh4 45. gxh4 h5 46. Kf2 Re4
47. Kg3 Rg4+ 48. Kh3 1/2-1/2

[Event "Druga Liga CS - Istok"]
[Site "?"]
[Date "2006.10.27"]
[Round "8.2"]
[White "Zivkovic, Branimir"]
[Black "Markovic, Milan"]
[Result "1/2-1/2"]
[WhiteElo "2190"]
[BlackElo "2323"]
[PlyCount "37"]
[EventDate "2006.09.09"]

1. e4 c5 2. Nf3 g6 3. d4 cxd4 4. Nxd4 Bg7 5. Nc3 Nc6 6. Be3 Nf6 7. Be2 O-O 8.
O-O d5 9. exd5 Nxd5 10. Nxd5 Qxd5 11. Bf3 Qa5 12. Nxc6 bxc6 13. c3 Rb8 14. Qc1
c5 15. Rd1 Be6 16. Bd5 Bg4 17. Rd2 Qc7 18. h3 Bc8 19. Qf1 1/2-1/2

[Event "Druga Liga CS - Istok"]
[Site "?"]
[Date "2006.10.27"]
[Round "8.2"]
[White "Popovic, Djordje"]
[Black "Stankovic, Dejan"]
[Result "1/2-1/2"]
[WhiteElo "2312"]
[BlackElo "2208"]
[PlyCount "28"]
[EventDate "2006.09.09"]

1. d4 d5 2. c4 c6 3. Nf3 Nf6 4. Nc3 e6 5. e3 Nbd7 6. Qc2 Bd6 7. Be2 O-O 8. O-O
Qe7 9. Rd1 dxc4 10. Bxc4 e5 11. e4 exd4 12. Nxd4 Ne5 13. Be2 Rd8 14. h3 Ng6
1/2-1/2

[Event "Druga Liga CS - Istok"]
[Site "?"]
[Date "2006.10.27"]
[Round "8.2"]
[White "Stojkovic, Zoran"]
[Black "Komnenic, Branko"]
[Result "0-1"]
[WhiteElo "2078"]
[BlackElo "2238"]
[PlyCount "66"]
[EventDate "2006.09.09"]

1. e4 c5 2. Nf3 d6 3. d3 g6 4. g3 Bg7 5. Bg2 e5 6. O-O Ne7 7. Be3 O-O 8. Nc3 h6
9. Qd2 Kh7 10. Ne2 Nbc6 11. c3 f5 12. Ne1 b6 13. Rd1 d5 14. f4 fxe4 15. dxe4 d4
16. Bf2 Ba6 17. Nf3 dxc3 18. Qxc3 Qc7 19. Qe3 Bxe2 20. Qxe2 exf4 21. gxf4 Qxf4
22. Bg3 Qg4 23. Bh4 Qe6 24. b3 Nd4 25. Nxd4 Bxd4+ 26. Kh1 Nc6 27. Qa6 Rxf1+ 28.
Rxf1 Rg8 29. e5 Nxe5 30. Qxa7+ Rg7 31. Qa8 Rf7 32. Re1 Qg4 33. Re4 Rf1+ 0-1

[Event "Druga Liga CS - Istok"]
[Site "?"]
[Date "2006.10.27"]
[Round "8.2"]
[White "Illijin, Neboisa"]
[Black "Stojkovic, Dragan"]
[Result "1-0"]
[WhiteElo "2249"]
[BlackElo "1760"]
[PlyCount "45"]
[EventDate "2006.09.09"]

1. Nf3 Nf6 2. c4 c5 3. g3 g6 4. Bg2 Nc6 5. d4 cxd4 6. Nxd4 Nxd4 7. Qxd4 Bg7 8.
Nc3 O-O 9. O-O d6 10. Rd1 a6 11. Qh4 Qc7 12. Bg5 Re8 13. Rac1 Rb8 14. Bxf6 Bxf6
15. Nd5 Qa5 16. Nxf6+ exf6 17. Qxf6 Qxa2 18. Rxd6 Be6 19. c5 a5 20. h4 h5 21.
Be4 Kh7 22. Rcd1 Qc4 23. Bxg6+ 1-0

[Event "Druga Liga CS - Istok"]
[Site "?"]
[Date "2006.10.27"]
[Round "8.3"]
[White "Raicevic, Ivica"]
[Black "Krstic, Petar"]
[Result "1-0"]
[WhiteElo "2307"]
[BlackElo "2203"]
[PlyCount "109"]
[EventDate "2006.09.09"]

1. c4 b6 2. Nc3 Bb7 3. e4 e6 4. g3 Bb4 5. Bg2 Bxc3 6. bxc3 f5 7. Qh5+ g6 8. Qe2
Nf6 9. f3 fxe4 10. fxe4 e5 11. d3 d6 12. Nf3 Nbd7 13. O-O Qe7 14. Bh3 O-O-O 15.
Bh6 Kb8 16. Ng5 Nc5 17. Rf3 Bc8 18. Bxc8 Rxc8 19. Raf1 Ncd7 20. h3 Rhe8 21. Qe3
c5 22. Kg2 Ka8 23. R1f2 Kb8 24. Qc1 Ka8 25. Rf1 Kb8 26. R3f2 Kc7 27. Qe3 Kb8
28. g4 Kc7 29. Kg3 Kb8 30. Rf3 Kc7 31. h4 Kb8 32. R1f2 Ng8 33. Rf7 Nxh6 34.
Rxe7 Rxe7 35. a4 a5 36. Qc1 Rf8 37. Qf1 Rxf2 38. Qxf2 Kc7 39. Qf1 Kd8 40. h5
gxh5 41. gxh5 Ke8 42. Kh4 Kd8 43. Qf2 Kc7 44. Qf3 Kd8 45. Qh3 Nf8 46. Qe3 Kc7
47. Nf3 Nf7 48. Ng5 Nh6 49. Kh3 Nf7 50. Kh4 Nh6 51. Qf2 Nd7 52. Qf3 Kd8 53. Qh3
Nf8 54. Qe3 Kc7 55. d4 1-0

[Event "Druga Liga CS - Istok"]
[Site "?"]
[Date "2006.10.27"]
[Round "8.3"]
[White "Turudic, Nenad"]
[Black "Todorovic, Bojan"]
[Result "1/2-1/2"]
[WhiteElo "2233"]
[BlackElo "2294"]
[PlyCount "30"]
[EventDate "2006.09.09"]

1. e4 e5 2. Nf3 Nc6 3. Bb5 a6 4. Ba4 Nf6 5. d3 b5 6. Bb3 Be7 7. c3 d6 8. O-O
O-O 9. a4 Rb8 10. axb5 axb5 11. Re1 b4 12. Nbd2 bxc3 13. bxc3 Be6 14. Bxe6 fxe6
15. Ra6 Qd7 1/2-1/2

[Event "Druga Liga CS - Istok"]
[Site "?"]
[Date "2006.10.27"]
[Round "8.3"]
[White "Jonic, Vladimir"]
[Black "Vasic, Milena"]
[Result "1-0"]
[WhiteElo "2168"]
[BlackElo "2190"]
[PlyCount "77"]
[EventDate "2006.09.09"]

1. e4 e6 2. d4 d5 3. Nc3 Bb4 4. e5 c5 5. a3 Bxc3+ 6. bxc3 Qa5 7. Bd2 Qa4 8. Qb1
a6 9. Qb3 Qc6 10. a4 c4 11. Qb1 a5 12. f4 g6 13. Be2 Nd7 14. Bc1 Nb6 15. Kd2
Bd7 16. Ba3 Nxa4 17. Nh3 Nb6 18. Qe1 Nc8 19. Qh4 Qc7 20. g4 b5 21. Bc5 Nce7 22.
Rhf1 Qd8 23. Ng5 h6 24. Nh3 Nc6 25. Qg3 Nge7 26. Ng1 Qc7 27. h4 Kd8 28. Qh3 Kc8
29. Rab1 Qb7 30. h5 gxh5 31. Qxh5 Be8 32. Qh2 Nd8 33. Nh3 Qd7 34. Qf2 Nb7 35.
Ba3 Nc6 36. f5 Qd8 37. Nf4 Qg5 38. fxe6 fxe6 39. Qe3 1-0

[Event "Druga Liga CS - Istok"]
[Site "?"]
[Date "2006.10.27"]
[Round "8.5"]
[White "Vojinovic, Goran"]
[Black "Djukic, Zeljko"]
[Result "1/2-1/2"]
[WhiteElo "2461"]
[BlackElo "2409"]
[PlyCount "54"]
[EventDate "2006.09.09"]

1. d4 Nf6 2. Nf3 d5 3. c4 dxc4 4. e3 e6 5. Bxc4 c5 6. O-O a6 7. dxc5 Qxd1 8.
Rxd1 Bxc5 9. Nbd2 b6 10. Be2 Nbd7 11. Nc4 Bb7 12. Nfd2 Rc8 13. Nb3 Be7 14. f3
Bd5 15. Ncd2 Bb7 16. e4 Nc5 17. Nxc5 Bxc5+ 18. Kf1 Ke7 19. Nc4 Rhd8 20. Bf4 Ne8
21. b4 Bxb4 22. Nxb6 Rxd1+ 23. Rxd1 Rd8 24. Rb1 Bd6 25. Bxd6+ Nxd6 26. Nc4 Bc8
27. Na5 Bd7 1/2-1/2

[Event "Druga Liga CS - Istok"]
[Site "?"]
[Date "2006.10.27"]
[Round "8.5"]
[White "Petkovic, Dragoslav"]
[Black "Raicevic, Vladimir"]
[Result "0-1"]
[WhiteElo "2305"]
[BlackElo "2446"]
[PlyCount "97"]
[EventDate "2006.09.09"]

1. e4 e6 2. d3 d5 3. Nd2 c5 4. Ngf3 Nf6 5. g3 b6 6. Bg2 Bb7 7. e5 Nfd7 8. O-O
Nc6 9. Re1 Be7 10. h4 h6 11. c3 g5 12. hxg5 hxg5 13. Nf1 g4 14. N3h2 Ndxe5 15.
Nxg4 Nxg4 16. Qxg4 Qd7 17. a3 O-O-O 18. d4 Rdg8 19. Qf3 Rg7 20. Be3 Rgh7 21. b4
c4 22. Bf4 Bd6 23. Bxd6 Qxd6 24. Ne3 f5 25. Nf1 Nd8 26. Qe3 Rh6 27. Qe5 Qd7 28.
Qf4 Qg7 29. Qe5 Qg6 30. Qf4 Nf7 31. Nd2 Ng5 32. Kf1 Ne4 33. Nxe4 dxe4 34. Ke2
Qh5+ 35. g4 Qh2 36. Qxh2 Rxh2 37. Rh1 f4 38. Rxh2 Rxh2 39. Bh1 Kd8 40. Re1 Ke7
41. Kd1 f3 42. Kd2 Rxf2+ 43. Ke3 Rc2 44. Kf4 Bd5 45. g5 Kf7 46. Rxe4 Bxe4 47.
Kxe4 f2 48. Bg2 Rxc3 49. a4 0-1

[Event "Druga Liga CS - Istok"]
[Site "?"]
[Date "2006.10.27"]
[Round "8.5"]
[White "Stefanovic, Vladimir"]
[Black "Kulak, Dejan"]
[Result "1/2-1/2"]
[WhiteElo "2227"]
[BlackElo "2275"]
[PlyCount "21"]
[EventDate "2006.09.09"]

1. Nf3 Nf6 2. g3 d5 3. Bg2 c6 4. O-O Bf5 5. d3 h6 6. Nbd2 e6 7. Qe1 Be7 8. e4
Bh7 9. Qe2 O-O 10. b3 Re8 11. Bb2 1/2-1/2

[Event "Druga Liga CS - Istok"]
[Site "?"]
[Date "2006.10.27"]
[Round "8.5"]
[White "Pantic, Milivoje"]
[Black "Vojinovic, Jovana"]
[Result "1/2-1/2"]
[WhiteElo "2179"]
[BlackElo "2132"]
[PlyCount "42"]
[EventDate "2006.09.09"]

1. d4 d5 2. Nf3 Nc6 3. e3 Bg4 4. h3 Bxf3 5. Qxf3 e5 6. Bb5 e4 7. Qd1 Nf6 8. c4
a6 9. Bxc6+ bxc6 10. Qa4 Qd7 11. c5 Be7 12. Nd2 O-O 13. Nb3 Rfb8 14. Na5 Rb5
15. b4 Kh8 16. Bd2 Ng8 17. Qd1 Qe6 18. Qe2 f5 19. O-O-O Bf6 20. a3 Ne7 21. Rdg1
Rbb8 1/2-1/2

[Event "Druga Liga CS - Istok"]
[Site "?"]
[Date "2006.10.27"]
[Round "8.6"]
[White "Mitic, Jovan"]
[Black "Vasic, Zarko"]
[Result "1/2-1/2"]
[WhiteElo "2140"]
[BlackElo "2081"]
[PlyCount "21"]
[EventDate "2006.09.09"]

1. e4 e6 2. Nf3 Nc6 3. d4 d5 4. e5 f6 5. exf6 Nxf6 6. Bb5 Bd6 7. O-O O-O 8.
Bxc6 bxc6 9. Re1 Ne4 10. Nbd2 Nxd2 11. Bxd2 1/2-1/2